| 000 | 00607nam a2200217 i 4500 | ||
|---|---|---|---|
| 001 | 16578 | ||
| 003 | ES-MaACL | ||
| 005 | 20240222063045.0 | ||
| 007 | t| | ||
| 008 | 001017s2000 sp ||||0| spa j | ||
| 020 | _a84-8450-097-7 | ||
| 040 |
_aM-BN _bspa _cM-BN |
||
| 080 | _a821.134.2-94"19" | ||
| 100 | 1 |
_aUmbral, Francisco, _d1932-2007 _9111971 |
|
| 245 | 1 | 0 |
_aDiario político y sentimental / _cFrancisco Umbral. |
| 250 | _a1ª ed. | ||
| 260 |
_a[Barcelona] : _bDebolsillo, _c2000. |
||
| 300 |
_a365 p. ; _c18 cm. |
||
| 852 |
_aES-MaACL _jL-23782 _bR.128707 |
||
| 999 |
_c16578 _d16578 |
||